Circuitos : (Record no. 15431)

MARC details
000 -LEADER
campo de control de longitud fija 01222nam a2200289 i 4500
001 - NÚMERO DE CONTROL
campo de control 15431
003 - IDENTIFICADOR DE NÚMERO DE CONTROL
campo de control ES-MaACL
005 - FECHA Y HORA DE LA ÚLTIMA TRANSACCIÓN
campo de control 20251013191504.0
007 - CAMPO FIJO DE DESCRIPCIÓN FÍSICA--INFORMACIÓN GENERAL
campo de control de longitud fija t|
008 - DATOS DE LONGITUD FIJA--INFORMACIÓN GENERAL
campo de control de longitud fija 000309s1999 sp ||||1| spa d
080 ## - NÚMERO DE LA CLASIFICACIÓN DECIMAL UNIVERSAL
Número de la Clasificación Decimal Universal 7.036(460)(083.824)
245 00 - MENCIÓN DEL TÍTULO
Título Circuitos :
Resto del título XI edición Artes Plásticas y Fotografía /
Mención de responsabilidad, etc. Mónica de Miguel Rubio, Enrique Corrales, Lidia Benavides ... [et al.].
246 3# - FORMA VARIANTE DEL TITULO
Título propio/Titulo breve Circuitos de Artes Plásticas y Fotografías 1999 :
Resto del título XI edición
260 ## - PUBLICACIÓN, DISTRIBUCIÓN, ETC.
Lugar de publicación, distribución, etc. Madrid :
Nombre del editor, distribuidor, etc. Dirección General de la Juventud,
Fecha de publicación, distribución, etc. [1999]
300 ## - DESCRIPCIÓN FÍSICA
Extensión 119 p. :
Otras características físicas principalmente il. col. y n., fot. ;
Dimensiones 26 cm.
546 ## - NOTA DE IDIOMA
Nota de lengua/lenguaje Texto en español y traducción en alemán.
585 ## - NOTA DE EXPOSICIONES
Nota de exposiciones Catálogo de la exposición celebrada en Madrid, Centro de Arte Joven, octubre-noviembre 1999.
650 #4 - PUNTO DE ACCESO ADICIONAL DE MATERIA--TÉRMINO DE MATERIA
Término de materia o nombre geográfico como elemento de entrada Arte español-
Subdivisión cronológica S.XX-
Subdivisión de forma Exposiciones.
9 (RLIN) 10206
655 #7 - TERMINO DE INDIZACIÓN--GENERO/FORMA
Fuente del término tgfbne
9 (RLIN) 193628
Datos o término principal de género/forma Catálogos de exposiciones
700 1# - ENTRADA AGREGADA--NOMBRE PERSONAL
Nombre de persona Miguel Rubio, Mónica de.
9 (RLIN) 173448
700 1# - ENTRADA AGREGADA--NOMBRE PERSONAL
Nombre de persona Corrales Crespo, Enrique.
9 (RLIN) 173449
700 1# - ENTRADA AGREGADA--NOMBRE PERSONAL
Nombre de persona Benavides Téllez, Lidia,
Fechas asociadas al nombre 1971-
9 (RLIN) 173450
710 1# - ENTRADA AGREGADA--NOMBRE DE ENTIDAD CORPORATIVA
Nombre de entidad corporativa o nombre de jurisdicción como elemento de entrada Madrid (Comunidad Autónoma).
Unidad subordinada Dirección General de Juventud.
9 (RLIN) 5614
852 ## - LOCALIZACIÓN
Ubicación ES-MaACL
Número de control de estantería L-22466
942 ## - ELEMENTOS DE ENTRADA SECUNDARIOS (KOHA)
Fuente del sistema de clasificación o colocación Clasificación decimal universal
Holdings
Estatus retirado Estado de pérdida Estado de daño No para préstamo Biblioteca de origen Biblioteca actual Ubicación en estantería Fecha de adquisición Fuente de adquisición Total de préstamos Signatura topográfica completa Código de barras Visto por última vez Precio de reemplazo Tipo de ítem Koha
        Biblioteca del Ateneo de Madrid Biblioteca del Ateneo de Madrid Depósito 2 17/01/2008     L-22466 1015688 23/02/2023 23/02/2023 Libro impreso